000 00585nam a22001817a 4500
005 20251108172105.0
008 250721s1991 xx 000 0 ara d
082 1 4 _a551.51/جري
100 1 _aجريبين، جون
245 1 0 _aثقب الأوزون :
_bتهديد الإنسان لطبقة الأوزون /
264 1 _aالقاهرة :
_bمركز النشر لجامعة القاهرة،
_c1991.
300 _a139ص
650 1 7 _aالغلاف الجوي
650 1 7 _aالأوزون
700 1 _aمستجير، أحمد
_eترجمة
942 _2ddc
_cBK
999 _c70201
_d70201